Feyenoord Squad 2023-2024 - Statistics

General Stats
  • This quiz has been taken 181 times
  • The average score is 22 of 28
Answer Stats
# Position Nation Player % Correct
29 FW Mexico Santiago Giménez
99%
1 GK Netherlands Justin Bijlow
98%
33 DF Slovakia Dávid Hancko
93%
18 DF Austria Gernot Trauner
92%
9 FW Japan Ayase Ueda
91%
14 FW Brazil Igor Paixão
91%
4 DF Netherlands Lutsharel Geertruida
91%
8 MF Netherlands Quinten Timber
91%
5 DF Netherlands Quilindschy Hartman
88%
20 MF Netherlands Mats Wieffer
86%
19 FW Gambia Yankuba Minteh
86%
- Coach Netherlands Arne Slot
85%
6 MF Algeria Ramiz Zerrouki
84%
3 DF Netherlands Thomas Beelen
84%
22 GK Germany Timon Wellenreuther
84%
17 FW Croatia Luka Ivanušec
82%
15 DF Peru Marcos López
80%
10 MF Netherlands Calvin Stengs
78%
7 FW Iran Alireza Jahanbakhsh
75%
25 FW Slovakia Leo Sauer
75%
2 DF Netherlands Bart Nieuwkoop
71%
32 MF Czech Republic Ondřej Lingr
71%
27 MF Netherlands Antoni Milambo
63%
31 GK Greece Kostas Lamprou
63%
24 MF Netherlands Gjivai Zechiël
47%
16 MF Netherlands Thomas van den Belt
47%
11 FW Netherlands Javairô Dilrosun
46%
39 GK Netherlands Mikki van Sas
41%
No matching quizzes found
Score Distribution
Percent of People with Each Score
Percentile by Number Answered
Your Score History
You have not taken this quiz